A textbook of refrigeration and airconditioning / (Record no. 138853)

MARC details
000 -LEADER
fixed length control field 00871nam a22002417a 4500
005 - DATE AND TIME OF LATEST TRANSACTION
control field 20170413103531.0
010 ## - LCCN (DPL NO)
LC control number 1516EN07
020 ## - INTERNATIONAL STANDARD BOOK NUMBER
International Standard Book Number 9789350142554
Terms of availability 525.00
020 ## - INTERNATIONAL STANDARD BOOK NUMBER
International Standard Book Number 8188458406
Terms of availability 525.00
035 ## - SYSTEM CONTROL NUMBER
System control number B-667571
037 ## - SOURCE OF ACQUISITION
Stock number dpl
Source of stock number/acquisition KBD/Ven
037 ## - SOURCE OF ACQUISITION
Source of stock number/acquisition DBAD/PUB
082 ## - DEWEY DECIMAL CLASSIFICATION NUMBER
Classification number 621.56
100 ## - MAIN ENTRY--PERSONAL NAME
Personal name Rajput, R.K
245 ## - TITLE STATEMENT
Title A textbook of refrigeration and airconditioning /
Statement of responsibility, etc by R.K.Rajput
250 ## - EDITION STATEMENT
Edition statement 3rd ed
260 ## - PUBLICATION, DISTRIBUTION, ETC. (IMPRINT)
Place of publication, distribution, etc New Delhi
Name of publisher, distributor, etc S.K.Kataria
Date of publication, distribution, etc 2016 (repr.)
270 ## - ADDRESS
Address 4885/109, Prakash Mahal, Dr. Subhash Bhargav Lane, Daryaganj,
City New Delhi
Postal code 110002
300 ## - PHYSICAL DESCRIPTION
Extent ix,902p. :
Dimensions 25cm(pbk)
Other physical details ill.
500 ## - GENERAL NOTE
General note Includes index
942 ## - ADDED ENTRY ELEMENTS (KOHA)
Source of classification or shelving scheme Dewey Decimal Classification
Item type English Books
Call number suffix RAJ
Classification part 621.56
Holdings
Withdrawn status Lost status Not for loan Collection code Home library Current library Date acquired Source of acquisition Cost, normal purchase price Full call number Barcode Copy number Cost, replacement price Koha item type
      Non-fiction Ashok Vihar Ashok Vihar 13/04/2017 BPPD/EN/2015-16/AV/16-17/393/24.2.2017/BL-18/24.2.2017/ 17.3.2017 525.00 621.56 RAJ B-667571 1 525.00 English Books

© Delhi Public Library
Hit Counter
free hit counter